00926nam a2200217 a 450000100100000000500170001000800410002704000250006808200210009310000510011424500920016526000400025730000280029759000260032565000280035165000310037991000420041095201180045295201230057099900150069300000970520240412074212.0091001s1986 dr a 000 p spa d aDO-SdBNPbspacBNPHU aRD861.44bB253si1 aBarinas Coiscou, Sócrates,d1916-202192437914aLas siete palabras de mi cáliz y medallones místicos /cSócrates Barinas Coiscou. aSanto Domingo :bDe Calidad,c1986. a125 p. :bil. ;c21 cm. aInventariado, 2018/LP 0aPoesía dominicana966 0aLiteratura dominicana.967 aValidado. Control de calidad EMARRERO 0010718PDaPDbPDcHDd2009-10-01iLF1l0oRD861.44 B253sip9705-10r2020-06-25w2020-06-25yLFPDZNo se presta 0010718PDaPDbPDcHDd2009-10-16iLF1l0oRD861.44 B253sip9705-20r2020-06-25te.2w2020-06-25yLFPDZNo se presta c9465d9465